000 00785nam a2200229Ia 4500
999 _c47141
_d47141
001 13999
003 GE_BSU
005 20241031161902.0
008 181216s1958||||ge |||||||||||||| ||geo||
040 _cGE_BSU
041 _ageo
080 _a94(38) წ-39
100 _aწერეთელი, ალ.
_923578
245 _aძველი საბერძნეთი. ტ.1 /
_cალ. წერეთელი ; რედ. : ნ. ლომოური.
264 _aთბილისი :
_bცოდნა,
_c1958.
300 _a537გვ. ;
_c23 სმ.
500 _aსაძიებელი გვ. : 515
541 _h20ლ.
653 _aძველი საბერძნეთი. ტ.1
700 _aლომოური, ნ.
_923579
942 _cBK
_2udc